000 00355pam a2200157a 44500
008 230515b1901 xxu||||| |||| 00| 0 eng d
020 _a0
041 _aENGLISH
082 _a0 SAC
100 _aSACHDEV K. V.
245 _aCLINICAL PATHOLOGY AND CLINICAL BACTERIOLOGY
250 _a0
260 _aNULL
_bN.D.
_c1901
300 _a0
650 _aN.D.
999 _c479935
_d479935